| 000 | 00669nam a22002297a 4500 | ||
|---|---|---|---|
| 003 | SISC | ||
| 005 | 20180502154409.0 | ||
| 008 | 180502b xxu||||| |||| 00| 0 eng d | ||
| 020 | _a8970870040 | ||
| 020 | _a8970870008 | ||
| 050 |
_aPL 992.2 _b.H36 1991 |
||
| 100 | _aHan, Yong Woon | ||
| 245 |
_aYour silence = 님의침묵 / _cYong Woon Han = 한용운 |
||
| 246 | _aNim ŭi ch'immuk | ||
| 260 |
_aSŏul-si: _bMiraesa, _c2002. |
||
| 300 |
_a150 pages; _c22 cm. |
||
| 546 | _aKorean | ||
| 650 |
_2Library of Congress Subject Headings _aPoetry, Korean |
||
| 650 |
_2Library of Congress Subject Headings _aPoems, Korean |
||
| 942 |
_2lcc _cBK |
||
| 999 |
_c356396 _d356396 |
||